00925nam a2200229 a 4500001001000000003000500010005001700015008004100032010001100073011001100084040000900095100003900104245018800143260004100331500006000372502007500432650003100507650002100538650003700559650002900596856007000625000114757CHAP20220329144456.0180409s2018 mx sm |||||||spa d a111218 a112190 cCHAP1 aGarcía Saldivar, Martha Patricia10aActividad antioxidante de dietas con alfalfa o morera y su efecto en la estabilidad oxidativa del lomo de conejo en refrigeraciónh[En línea]cMartha Patricia García Saldívar. aChapingo, Méx. :bEl autor,c2018. aPara ver el contenido del material haga clic en la liga aTesis (Ing. Agr. Esp. en Zootecnia) -- UACH. Departamento de Zootecnia14aAntioxidantesxAnálisis.14aCarne congelada.14aCarne de conejoxConservación.14aConejosxAlimentación. aFinding aiduhttp://10.13.5.2/tesis/sist114757.pdfzTeclea aquí